Spokane-CDA Metropolitan Area - Statistics

General Stats
  • This quiz has been taken 104 times
  • The average score is 18 of 51
Answers on the Map
Answers color-coded by a green-red scale on the quiz's map according to % correct below.
 
Answer Stats
County Population City % Correct
Spokane 222,081 Spokane
100%
Kootenai 52,414 Coeur d'Alene
92%
Spokane 101,060 Spokane Valley
92%
Kootenai 36,250 Post Falls
66%
Spokane 12,522 Cheney
63%
Spokane 7,114 Mead
59%
Spokane 10,956 Liberty Lake
58%
Spokane 5,060 Medical Lake
55%
Spokane 9,485 Airway Heights
52%
Spokane 4,364 Deer Park
52%
Spokane 1,800 Millwood
44%
Stevens 4,832 Colville
42%
Kootenai 15,434 Hayden
42%
Spokane 2,736 Fairchild Air Force Base
41%
Spokane 6,220 Otis Orchards-East Farms
41%
Spokane 5,841 Country Homes
38%
Kootenai 9,150 Rathdrum
38%
Spokane 4,857 Town and Country
38%
Stevens 2,676 Chewelah
36%
Stevens 1,635 Kettle Falls
36%
Spokane 512 Four Lakes
34%
Pend Oreille 2,199 Newport
31%
Spokane 319 Spangle
31%
Spokane 486 Rockford
30%
Kootenai 739 Hauser
27%
Kootenai 49 State Line
27%
Kootenai 762 Athol
25%
Spokane 7,905 Fairwood
25%
Kootenai 216 Harrison
25%
Spokane 187 Latah
25%
Kootenai 2,533 Spirit Lake
25%
Kootenai 623 Hayden Lake
23%
Pend Oreille 183 Metaline
23%
Spokane 109 Waverly
23%
Spokane 626 Fairfield
22%
Stevens 780 Loon Lake
22%
Pend Oreille 251 Metaline Falls
20%
Stevens 300 Springdale
20%
Stevens 104 Valley
20%
Kootenai 262 Worley
20%
Pend Oreille 472 Ione
19%
Stevens 301 Northport
19%
Stevens 130 Addy
17%
Pend Oreille 217 Cusick
17%
Kootenai 2,410 Dalton Gardens
17%
Kootenai 171 Fernan Lake Village
16%
Stevens 172 Marcus
16%
Stevens 443 Clayton
14%
Kootenai 112 Huetter
14%
Kootenai 43 Conkling Park
11%
Kootenai 184 Rockford Bay
11%
No matching quizzes found
Score Distribution
Percent of People with Each Score
Percentile by Number Answered
Your Score History
You have not taken this quiz